| 000 | 00437nam a2200181Ia 4500 | ||
|---|---|---|---|
| 005 | 20250603145552.0 | ||
| 008 | 250603s9999 xx 000 0 und d | ||
| 020 | _a978555865-4 | ||
| 050 | _aKP 64 .G9/ | ||
| 100 | _aGyoh,Shima (prof) | ||
| 245 | 0 | _aPrinciples of Clinical Ethics and Legal Dimensions in Nigeria. | |
| 260 | _aLagos | ||
| 260 | _bLaw breed | ||
| 260 | _c2017 | ||
| 300 | _a557 p | ||
| 650 | _aLagos | ||
| 942 | _cBK | ||
| 999 |
_c42236 _d42236 |
||